Pokémons de type feu (types indiqués) - Statistiques

Statistiques générales
  • Ce quiz a été pris 33 fois
    12 depuis la dernière actualisation
  • Le résultat moyen est 51 sur 97
Statistiques - réponses
Hint Réponse % Correct
#006 Feu / Vol Dracaufeu
100%
#005 Feu Reptincel
88%
#004 Feu Salamèche
88%
#059 Feu Arcanin
75%
#058 Feu Caninos
75%
#038 Feu Feunard
75%
#037 Feu Goupix
75%
#006 Feu / Dragon Méga Dracaufeu X
75%
#006 Feu / Vol Méga Dracaufeu Y
75%
#059 Feu / Roche Arcanin d'Hisui
63%
#257 Feu / Combat Braségali
63%
#058 Feu / Roche Caninos d'Hisui
63%
#156 Feu Feurisson
63%
#078 Feu Galopa
63%
#498 Feu Gruikui
63%
#155 Feu Héricendre
63%
#467 Feu Maganon
63%
#126 Feu Magmar
63%
#105 Feu / Spectre Ossatueur d'Alola
63%
#077 Feu Ponyta
63%
#815 Feu Pyrobut
63%
#136 Feu Pyroli
63%
#146 Feu / Vol Sulfura
63%
#157 Feu Typhlosion
63%
#631 Feu Aflamanoir
50%
#776 Feu / Dragon Boumata
50%
#662 Feu / Vol Braisillon
50%
#323 Feu / Sol Camérupt
50%
#936 Feu / Psy Carmadura
50%
#322 Feu / Sol Chamallot
50%
#935 Feu Charbambin
50%
#391 Feu / Combat Chimpenfeu
50%
#909 Feu Chochodile
50%
#910 Feu Crocogril
50%
#555 Feu Darumacho
50%
#554 Feu Darumarond
50%
#229 Ténèbres / Feu Démolosse
50%
#244 Feu Entei
50%
#727 Feu / Ténèbres Félinferno
50%
#653 Feu Feunnec
50%
#513 Feu Flamajou
50%
#813 Feu Flambino
50%
#663 Feu / Vol Flambusard
50%
#725 Feu Flamiaou
50%
#911 Feu / Spectre Flâmigator
50%
#514 Feu Flamoutan
50%
#607 Spectre / Feu Funécire
50%
#256 Feu / Combat Galifeu
50%
#655 Feu / Psy Goupelin
50%
#850 Feu / Insecte Grillepattes
50%
#499 Feu / Combat Grotichon
50%
#485 Feu / Acier Heatran
50%
#667 Feu / Normal Hélionceau
50%
#250 Feu / Vol Ho-Oh
50%
#814 Feu Lapyro
50%
#218 Feu Limagma
50%
#609 Spectre / Feu Lugulabre
50%
#240 Feu Magby
50%
#758 Poison / Feu Malamandre
50%
#228 Ténèbres / Feu Malosse
50%
#726 Feu Matoufeu
50%
#257 Feu / Combat Méga Braségali
50%
#323 Feu / Sol Méga Camérupt
50%
#229 Ténèbres / Feu Méga Démolosse
50%
#608 Spectre / Feu Mélancolux
50%
#839 Roche / Feu Monthracite
50%
#479 Electrik / Feu Motisma Chaleur
50%
#668 Feu / Normal Némélios
50%
#390 Feu Ouisticram
50%
#806 Feu / Spectre Pierroteknik
50%
#255 Feu Poussifeu
50%
#637 Insecte / Feu Pyrax
50%
#636 Insecte / Feu Pyronille
50%
#643 Dragon / Feu Reshiram
50%
#500 Feu / Combat Roitiflam
50%
#654 Feu Roussil
50%
#851 Feu / Insecte Scolocendre
50%
#392 Feu / Combat Simiabraz
50%
#757 Poison / Feu Tritox
50%
#157 Feu / Spectre Typhlosion d'Hisui
50%
#494 Psy / Feu Victini
50%
#721 Feu / Eau Volcanion
50%
#219 Feu / Roche Volcaropod
50%
#838 Roche / Feu Wagomine
50%
#1004 Ténèbres / Feu Yuyu
50%
#324 Feu Chartor
38%
#555 Glace / Feu Darumacho de Galar Mode Transe
38%
#555 Feu / Psy Darumacho Mode Transe
38%
#1020 Feu / Dragon Feu-Perçant
38%
#937 Feu / Spectre Malvalame
38%
#1017 Plante / Feu Ogerpon Masque du Fourneau
38%
#741 Feu / Vol Plumeline Style Flamenco
38%
#383 Sol / Feu Primo Groudon
38%
#952 Pante / Feu Scovilain
38%
#128 Combat / Feu Tauros de Paldea Race flamboyante
38%
#994 Feu / Poison Mite-de-Fer
25%
#351 Feu Morphéo Solaire
25%
Aucun quiz correspondant
Distribution des résultats
% des personnes avec chaque résultat
Percentile par nombre de réponses
Votre historique - résultats
Vous n’avez pas pris ce quiz depuis la dernière actualisation